Smallest Countries by Area - Sudden Death - Statistics

General Stats
  • This quiz has been taken 536 times
    195 since last reset
  • The average score is 3 of 12
Answers on the Grid
Answers color-coded by a green-red scale on the quiz's grid according to % correct below.
Andorra
Antigua and Barbuda
Armenia
Barbados
Brunei
Comoros
Cyprus
East Timor
F.S. Micronesia
Fiji
Gambia
Grenada
Kiribati
Kosovo
Kuwait
Liechtenstein
Luxembourg
Maldives
Malta
Marshall Islands
Moldova
Monaco
Nauru
Palau
Qatar
Russia
Rwanda
San Marino
Seychelles
Singapore
Solomon Islands
St. Kitts and Nevis
St. Lucia
St. Vincent and the Grenadines
Tuvalu
Vanuatu
 
Answer Stats
Answer % Correct
Nauru
39%
Tuvalu
39%
Monaco
36%
Liechtenstein
28%
San Marino
28%
St. Kitts and Nevis
24%
St. Vincent and the Grenadines
22%
Malta
18%
Grenada
15%
Maldives
15%
Marshall Islands
15%
Kuwait
8%
No matching quizzes found
Score Distribution
Percent of People with Each Score
Percentile by Number Answered
Your Score History
You have not taken this quiz since the last reset